Länder, die einen Buchstaben enthalten - UU+ - Statistiken

Allgemein
  • Dieses Quiz wurde 749 mal gespielt
  • Das Durchschnittsergebnis liegt bei 6 aus 12
Antwortstatistiken
Hinweis Land % Korrekt
3 x U Uruguay
93%
2 x U Tuvalu
59%
2 x U Burundi
55%
2 x U Vanuatu
51%
2 x U Guinea-Bissau
50%
3 x U Papua-Neuguinea
49%
2 x U Südsudan
48%
2 x U Nauru
45%
2 x U Äquatorial-Guinea
39%
3 x U Antigua und Barbuda
37%
2 x U Mauritius
32%
2 x U Luxemburg
27%
Keine übereinstimmenden Quizze gefunden
Verteilung der Resultate
Anzahl Personen mit jedem Resultat
Perzentil nach korrekt beantworteten Fragen
Ihre Resultats-Entwicklung
Sie haben dieses Quiz noch nicht gespielt